Trouve le titre - One Direction - Statistiques

Statistiques générales
  • Ce quiz a été pris 1 197 fois
  • Le résultat moyen est 13 sur 17
Statistiques - réponses
Par images Réponse % Correct
Best Song Ever
96%
Story Of My Life
93%
Kiss You
90%
What Makes You Beautiful
90%
Night Changes
85%
Steal My Girl
85%
Live While We’re Young
84%
You and I
82%
Midnight Memories
81%
Drag Me Down
80%
Little Things
80%
One Thing
76%
Perfect
75%
One Way Or Another
73%
History
69%
Gotta Be You
55%
No Control
29%
Aucun quiz correspondant
Distribution des résultats
% des personnes avec chaque résultat
Percentile par nombre de réponses
Votre historique - résultats
Vous n’avez pas pris ce quiz